00477nam a2200193Ia 4500008004100000020001800041050001700059050001400076100002100090245003300111245001900144245002000163260001600183260002000199260000900219300001600228300001100244650002800255180523s9999 xx 000 0 und d a81-7919-048-4 aMAIN HF 5718 b.S78 2003 aStorey, Richard. 0aCommunicating persuasively : 0bface to face / 0cRichard Storey. aNew Delhi : bInfinity Books, c2003 a226 pages : c22 cm. aBusiness communication.